La Renovación de los partidos políticos: un marco de referencia para los partidos demócrata-cristianos centroamericanos para su renovación y eficacia en la consolidación democrática regional /
Guardat en:
| Autor principal: | |
|---|---|
| Format: | Text |
| Matèries: | |
| Etiquetes: |
Afegir etiqueta
Sense etiquetes, Sigues el primer a etiquetar aquest registre!
|
MARC
| LEADER | 00000 a a2200000 04500 | ||
|---|---|---|---|
| 001 | 3841 | ||
| 003 | |||
| 040 | |||
| 100 | |a Dávila, José | ||
| 245 | |a La Renovación de los partidos políticos: |b un marco de referencia para los partidos demócrata-cristianos centroamericanos para su renovación y eficacia en la consolidación democrática regional / |c José Dávila | ||
| 650 | |a IDEOLOGIAS POLITICAS | ||
| 650 | |a PROBLEMAS SOCIALES | ||
| 650 | |a COMPORTAMIENTO POLITICO | ||
| 650 | |a PARTIDOS POLITICOS | ||
| 650 | |a PRESIDENCIALISMO | ||
| 773 | |g volumen 19, 1(73); páginas 97-134 | ||
| 999 | |c 27344 |d 27344 | ||
